Logo BPK

Biblioteka

Politechniki Koszalińskiej

IBM PC dla każdego : (Rekord nr 4310)

Szczegóły MARC
000 -ETYKIETA REKORDU
podpole kontrolne o stałej długości 00462nam a2200157 i 4500
001 - NUMER KONTROLNY REKORDU
pole kontrolne bg
040 ## - ŹRÓDŁO KATALOGOWANIA
Instytucja, która utworzyła rekord BPK
041 ## - KOD JĘZYKA
Kod języka tekstu pol
080 ## - UNIWERSALNA KLASYFIKACJA DZIESIĘTNA - UKD
UKD 681.322
008 - POLE O STAŁEJ DŁUGOŚCI - DANE KONTROLNE
podpole kontrolne o stałej długości s pl f |000 0 pol
100 1# - NAZWA OSOBOWA
Nazwa osobowa PORĘBSKI, Wiesław
245 #0 - TYTUŁ/ODPOWIEDZIALNOŚĆ
Tytuł IBM PC dla każdego :
Ciąg dalszy tytułu obejmuje szczegółowy opis wszystkich poleceń systemu operacyjnego DOS 3.3 /
Pozostałe elementy strefy tytułu i oznaczenia odpowiedzialności W. Porębski, J. Cielątkowski.
260 ## - STREFA ADRESU WYDAWNICZEGO
Miejsce wydania Warszawa,
Data publikacji, dystrybucji/powstania dokumentu 1990.
700 1# - HASŁO DODATKOWE - NAZWA OSOBOWA
Nazwa osobowa CIELĄTKOWSKI, Janusz
856 ## - LOKALIZACJA I DOSTĘP DO ELEKTRONICZNYCH DOKUMENTÓW ZDALNYCH
Link (URL) http://koha.tu.koszalin.pl/cgi-bin/koha/opac-detail.pl?biblionumber=4310
Tekst linku Katalog online BPK
942 ## - DODATKOWE ELEMENTY (KOHA)
Typ dokumentu Książka
Egzemplarze
Wycofany Status egzemplarza Uszkodzony Dostępność Lokalizacja stała Lokalizacja bieżąca Miejsce przechowywania Sygnatura Kod kreskowy Typ dokumentu
      Dostępny Biblioteka Politechniki Koszalińskiej Biblioteka Politechniki Koszalińskiej Wypożyczalnia BG P 40719 01249965 Książka
      Dostępny Biblioteka Politechniki Koszalińskiej Biblioteka Politechniki Koszalińskiej Wypożyczalnia BG P 40720 01088762 Książka
© 2023 Biblioteka Politechniki Koszalińskiej :: KOHA